[Event "World Junior Open 2016"]
[Site "Bhubaneswar IND"]
[Date "2016.08.08"]
[Round "1.2"]
[White "Erigaisi, Arjun"]
[Black "Xiong, Jeffery"]
[Result "0-1"]
[WhiteElo "2337"]
[BlackElo "2633"]
[PlyCount "104"]
[EventDate "2016.08.08"]

1. d4 Nf6 2. c4 e6 3. Nc3 Bb4 4. e3 O-O 5. Nge2 c6 6. a3 Ba5 7. g3 d5 8. b4 Bc7
9. cxd5 exd5 10. Bg2 a6 11. O-O Nbd7 12. f3 a5 13. Rb1 axb4 14. axb4 b5 15. e4
Nb6 16. e5 Ne8 17. Rb2 Nc4 18. Ra2 Rxa2 19. Nxa2 Bb6 20. Kh1 f6 21. f4 Bg4 22.
Nac3 Qd7 23. Qd3 Nc7 24. Ng1 Qf5 25. Qxf5 Bxf5 26. Nf3 Na6 27. exf6 gxf6 28. h3
Re8 29. g4 Bd3 30. Re1 Rxe1+ 31. Nxe1 Nxb4 32. Nf3 Nc2 33. f5 b4 34. Na4 Be4
35. Nxb6 Nxb6 36. Nd2 Bxg2+ 37. Kxg2 Nxd4 38. Bb2 c5 39. Bxd4 cxd4 40. Kf2 Nc4
41. Nb3 d3 42. Nc5 d2 43. Ke2 Kf7 44. Nb3 Ke7 45. Nd4 Kd6 46. Kd1 Kd7 47. Ke2
Ke8 48. Kd1 Kf7 49. Ke2 h5 50. Kd1 Kg7 51. Ne6+ Kh6 52. Nc7 d4 0-1

[Event "World Junior Open 2016"]
[Site "Bhubaneswar IND"]
[Date "2016.08.08"]
[Round "1.33"]
[White "Pirverdiyev, Agil"]
[Black "Avik, Sarker"]
[Result "1-0"]
[WhiteElo "2364"]
[BlackElo "2000"]
[PlyCount "103"]
[EventDate "2016.08.08"]

1. d4 Nf6 2. c4 c5 3. Nf3 e6 4. Nc3 cxd4 5. Nxd4 Bb4 6. Ndb5 d5 7. Bf4 Na6 8.
e3 O-O 9. a3 Bxc3+ 10. Nxc3 Nc5 11. Be2 Nfe4 12. Nxe4 Nxe4 13. cxd5 Qxd5 14.
Qxd5 exd5 15. f3 Nf6 16. g4 Be6 17. Kd2 Rac8 18. Rac1 Nd7 19. Bc7 f6 20. f4 f5
21. g5 Rf7 22. Bd6 Nb6 23. Rxc8+ Nxc8 24. Bb8 a6 25. Kc3 Nb6 26. Kd4 Rf8 27.
Bc7 Nc4 28. Be5 b5 29. Rc1 Rc8 30. b3 Nxa3 31. Rxc8+ Bxc8 32. Bd3 a5 33. Bc7 a4
34. Bd6 Nc4 35. bxc4 dxc4 36. Be2 Kf7 37. Bf3 Bd7 38. Bb4 Kg6 39. h4 h6 40. h5+
Kh7 41. g6+ Kh8 42. Bd5 Bc8 43. Bc6 a3 44. Bxa3 b4 45. Bxb4 Be6 46. Bd5 Bd7 47.
Bxc4 Be6 48. Bd3 Bd7 49. Ke5 Bc6 50. Ke6 Bf3 51. Kf7 Bxh5 52. Bc3 1-0

[Event "World Junior Open 2016"]
[Site "Bhubaneswar IND"]
[Date "2016.08.09"]
[Round "2.4"]
[White "Xu, Yi"]
[Black "Wagner, Dennis"]
[Result "1-0"]
[WhiteElo "2371"]
[BlackElo "2572"]
[PlyCount "93"]
[EventDate "2016.08.08"]

1. e4 e5 2. Nf3 Nc6 3. Bc4 Bc5 4. c3 Nf6 5. d3 a6 6. O-O d6 7. a4 h6 8. Nbd2
Ba7 9. a5 g5 10. b4 g4 11. Ne1 h5 12. Nb3 d5 13. exd5 Nxd5 14. Bd2 Be6 15. b5
Nce7 16. bxa6 bxa6 17. Bxa6 g3 18. hxg3 h4 19. g4 Qd7 20. Qe2 h3 21. Qxe5 Ng6
22. Qg3 c6 23. gxh3 Bb8 24. f4 Rxa6 25. Nc5 Qa7 26. d4 Rxa5 27. Rxa5 Qxa5 28.
Ng2 Qa2 29. Qd3 Rxh3 30. Qxh3 Qxd2 31. Nxe6 fxe6 32. Qh5 Nde7 33. f5 exf5 34.
gxf5 Qxc3 35. fxg6 Qxd4+ 36. Kh1 Qg7 37. Nh4 Bg3 38. Nf5 Nxf5 39. Qxf5 Qh6+ 40.
Kg2 Qh2+ 41. Kf3 Bd6 42. Qc8+ Ke7 43. Re1+ Kf6 44. Re6+ Kg5 45. Qd8+ Kh5 46.
Qh8+ Kg5 47. Qxh2 1-0

[Event "World Junior Open 2016"]
[Site "Bhubaneswar IND"]
[Date "2016.08.09"]
[Round "2.11"]
[White "Gheorghiu, Calin"]
[Black "Tran, Tuan Minh"]
[Result "0-1"]
[WhiteElo "2343"]
[BlackElo "2473"]
[PlyCount "80"]
[EventDate "2016.08.08"]

1. d4 Nf6 2. c4 e6 3. Nc3 Bb4 4. e3 O-O 5. Nge2 d5 6. a3 Be7 7. Nf4 c6 8. Bd3
Nbd7 9. cxd5 exd5 10. O-O Bd6 11. b4 a6 12. f3 Re8 13. Bc2 Bxf4 14. exf4 Nb6
15. f5 Nc4 16. Re1 Rxe1+ 17. Qxe1 a5 18. bxa5 Qxa5 19. Bg5 Bd7 20. Bd3 Re8 21.
Qc1 Qb6 22. Qf4 Ne4 23. Bxc4 Qxd4+ 24. Qe3 Qxe3+ 25. Bxe3 Nxc3 26. Bd4 dxc4 27.
Bxc3 Bxf5 28. a4 f6 29. a5 Re3 30. Rc1 Re2 31. Bd4 Bd3 32. Ra1 c5 33. Bxc5 c3
34. Ba3 c2 35. Bc1 h5 36. h4 Kf7 37. Bf4 Kg6 38. Ra3 Kf5 39. g3 g5 40. hxg5
fxg5 0-1

[Event "World Junior Open 2016"]
[Site "Bhubaneswar IND"]
[Date "2016.08.11"]
[Round "4.6"]
[White "Xu, Yi"]
[Black "Karthikeyan, Murali"]
[Result "0-1"]
[WhiteElo "2371"]
[BlackElo "2514"]
[PlyCount "152"]
[EventDate "2016.08.08"]

1. e4 c5 2. Nf3 d6 3. Bb5+ Nd7 4. O-O Ngf6 5. Re1 a6 6. Bd3 g6 7. a4 Bg7 8. c3
O-O 9. Bc2 Ne5 10. Nxe5 dxe5 11. Bb3 Nh5 12. d3 Nf4 13. d4 cxd4 14. cxd4 Qa5
15. Bd2 Qb6 16. d5 Bg4 17. Qxg4 Qxb3 18. Bc3 f5 19. Qf3 fxe4 20. Qxe4 Rad8 21.
Nd2 Qxd5 22. Qxd5+ Rxd5 23. Ne4 Ne6 24. Kf1 Nd4 25. Rad1 h6 26. Rd3 Rc8 27.
Red1 Rc4 28. b3 Rc8 29. Bb4 Kf7 30. Rc3 Rdd8 31. Ba5 Rxc3 32. Bxc3 Rc8 33. Bxd4
exd4 34. Ke2 Ke6 35. Kd3 Kd5 36. Re1 Be5 37. h3 g5 38. Rh1 Bf4 39. Re1 h5 40.
f3 Be3 41. Re2 g4 42. hxg4 hxg4 43. Rc2 Rxc2 44. Kxc2 gxf3 45. gxf3 b6 46. Kd3
Ke5 47. b4 Kd5 48. Ng3 Bg5 49. Nf5 e5 50. b5 axb5 51. axb5 Kc5 52. Ke4 Bf4 53.
Kd3 Kxb5 54. Nd6+ Kb4 55. Kc2 b5 56. Ne4 Ka3 57. Nc5 Kb4 58. Nd3+ Kc4 59. Nb2+
Kd5 60. Kd3 Bc1 61. Nd1 Ba3 62. Nf2 b4 63. Ne4 b3 64. Nd2 b2 65. Kc2 Bb4 66.
Nb1 Kc4 67. Kxb2 d3 68. Kc1 Kd4 69. Nd2 Bxd2+ 70. Kxd2 Kc4 71. Kd1 Kc3 72. Kc1
d2+ 73. Kd1 Kd3 74. f4 e4 75. f5 e3 76. f6 e2# 0-1

[Event "World Junior Open 2016"]
[Site "Bhubaneswar IND"]
[Date "2016.08.11"]
[Round "4.12"]
[White "Tran, Tuan Minh"]
[Black "Erigaisi, Arjun"]
[Result "1/2-1/2"]
[WhiteElo "2473"]
[BlackElo "2337"]
[PlyCount "113"]
[EventDate "2016.08.08"]

1. d4 e6 2. c4 Nf6 3. Nc3 Bb4 4. e3 b6 5. Nge2 c5 6. a3 Ba5 7. Bd2 O-O 8. g3
cxd4 9. exd4 Bb7 10. d5 Bxc3 11. Nxc3 exd5 12. Bg2 Qc8 13. cxd5 Ba6 14. Be3 d6
15. Rc1 Qf5 16. b4 Bd3 17. h3 Nbd7 18. g4 Qg6 19. Ne2 Bxe2 20. Qxe2 h5 21. g5
Ne4 22. h4 f5 23. Bf3 f4 24. Bd4 Rae8 25. Bxh5 Qf5 26. Bxe8 Rxe8 27. Rg1 Nef6
28. gxf6 Rxe2+ 29. Kxe2 Qe4+ 30. Kf1 Qd3+ 31. Ke1 g6 32. h5 Qe4+ 33. Kf1 Qd3+
34. Ke1 Nf8 35. hxg6 Nxg6 36. Rc8+ Kf7 37. Rc7+ Ke8 38. Rxg6 Qxg6 39. Kd2 Qf5
40. Rxa7 Qxd5 41. Kd3 b5 42. Rc7 Qf3+ 43. Kd2 Qxa3 44. Bc3 Qa2+ 45. Kd3 Qxf2
46. Rc8+ Kf7 47. Rc7+ Kg6 48. f7 Qe3+ 49. Kc2 Qe4+ 50. Kd2 Qf5 51. Rd7 d5 52.
Ke1 Qb1+ 53. Kd2 Qf5 54. Ke1 Qe4+ 55. Kd2 Qf5 56. Ke1 Qe4+ 57. Kd2 1/2-1/2

[Event "World Junior Open 2016"]
[Site "Bhubaneswar IND"]
[Date "2016.08.12"]
[Round "5.10"]
[White "Harsha, Bharathakoti"]
[Black "Henriquez Villagra, Cristobal"]
[Result "1/2-1/2"]
[WhiteElo "2344"]
[BlackElo "2520"]
[PlyCount "81"]
[EventDate "2016.08.08"]

1. e4 c5 2. Nf3 d6 3. Bb5+ Nd7 4. O-O Ngf6 5. Re1 a6 6. Bd3 e5 7. a4 Be7 8. c3
O-O 9. Bc2 b6 10. d4 Qc7 11. Nbd2 Bb7 12. d5 c4 13. Nf1 Nc5 14. Ng3 g6 15. Bh6
Rfe8 16. h3 Bf8 17. Qd2 Kh8 18. Ra3 Bxh6 19. Qxh6 Ng8 20. Qe3 Bc8 21. Nd2 Nb7
22. Qe2 Na5 23. Ngf1 Bd7 24. Ne3 Rec8 25. Qf1 f6 26. Rea1 Ra7 27. Bd1 b5 28.
Bg4 Bxg4 29. hxg4 Rca8 30. R1a2 Ne7 31. Qd1 Kg7 32. axb5 axb5 33. b4 Nac6 34.
Qa1 Rxa3 35. Rxa3 Rxa3 36. Qxa3 Nb8 37. Qa8 Nc8 38. Nb1 Qa7 39. Qxa7+ Nxa7 40.
Na3 Na6 41. g3 1/2-1/2

[Event "World Junior Open 2016"]
[Site "Bhubaneswar IND"]
[Date "2016.08.12"]
[Round "5.13"]
[White "Erigaisi, Arjun"]
[Black "Mousavi, Seyed Khalil"]
[Result "1/2-1/2"]
[WhiteElo "2337"]
[BlackElo "2422"]
[PlyCount "175"]
[EventDate "2016.08.08"]

1. d4 Nf6 2. c4 e6 3. Nc3 Bb4 4. e3 O-O 5. Nge2 d5 6. a3 Be7 7. cxd5 exd5 8.
Nf4 c6 9. Bd3 Re8 10. O-O Nbd7 11. Qc2 b6 12. b4 Bb7 13. Rb1 Rc8 14. Bd2 Qc7
15. Rfc1 Bd6 16. h3 a6 17. Qb3 Qd8 18. a4 b5 19. a5 Ne4 20. Nxe4 dxe4 21. Be2
Nf6 22. Rc2 g6 23. Rd1 Qd7 24. d5 Nxd5 25. Nxd5 cxd5 26. Bc3 Qe7 27. Rdc1 Be5
28. Bxe5 Qxe5 29. Rxc8 Rxc8 30. Rxc8+ Bxc8 31. Qc2 Qa1+ 32. Kh2 Qe5+ 33. Kg1
Bd7 34. Qc5 h5 35. Qb6 Qe6 36. Qb8+ Kg7 37. Qa7 Qc6 38. Bd1 Be6 39. Qd4+ Kf8
40. Bb3 Ke7 41. Qa7+ Kd8 42. Qb8+ Kd7 43. Qa7+ Kc8 44. Qd4 Kb7 45. Kh1 h4 46.
Kg1 Qc1+ 47. Kh2 Qc7+ 48. Kg1 Kc6 49. Bxd5+ Bxd5 50. Qc5+ Kd7 51. Qxd5+ Qd6 52.
Qxf7+ Kc6 53. Qe8+ Kd5 54. Qa8+ Ke5 55. Qh8+ Ke6 56. Qg8+ Kf6 57. Qh8+ Ke6 58.
Qxh4 Qxb4 59. Qg3 Kf6 60. Qf4+ Ke6 61. g4 Qxa5 62. Qxe4+ Kf6 63. Qc6+ Kg7 64.
Qd7+ Kf8 65. Qd6+ Kf7 66. g5 Qa1+ 67. Kg2 a5 68. e4 Kg7 69. Qd7+ Kg8 70. Qxb5
a4 71. e5 Qd4 72. Qe8+ Kg7 73. Qe7+ Kg8 74. Qe6+ Kh8 75. Qf6+ Kh7 76. Qf7+ Kh8
77. Qxg6 Qxe5 78. Qh6+ Kg8 79. Qg6+ Kh8 80. Qh5+ Kg8 81. Qg4 Qd5+ 82. Kg1 Qb3
83. g6 Kg7 84. Qh5 Qb1+ 85. Kh2 Qxg6 86. Qe5+ Qf6 87. Qc7+ Kh6 88. Qc1+ 1/2-1/2

[Event "World Junior Open 2016"]
[Site "Bhubaneswar IND"]
[Date "2016.08.13"]
[Round "6.14"]
[White "Grandadam, Patrik"]
[Black "Bersamina, Paulo"]
[Result "1/2-1/2"]
[WhiteElo "2325"]
[BlackElo "2402"]
[PlyCount "56"]
[EventDate "2016.08.08"]

1. d4 Nf6 2. c4 e6 3. Nc3 Bb4 4. f3 c5 5. d5 O-O 6. e4 d6 7. Nge2 b5 8. Nf4
exd5 9. Nfxd5 Nxd5 10. Qxd5 Qb6 11. Bf4 Rd8 12. Bg5 Re8 13. Rd1 Bb7 14. Qxd6
Nc6 15. cxb5 c4 16. Qd2 Ne5 17. Be3 Qg6 18. Bf4 Nxf3+ 19. gxf3 Bxe4 20. fxe4
Bxc3 21. bxc3 Qxe4+ 22. Kf2 Rad8 23. Qxd8 Qxf4+ 24. Kg2 Qg4+ 25. Kf2 Qf4+ 26.
Kg2 Qg4+ 27. Kf2 Qf4+ 28. Kg2 Qg4+ 1/2-1/2

[Event "World Junior Open 2016"]
[Site "Bhubaneswar IND"]
[Date "2016.08.13"]
[Round "6.35"]
[White "Shailesh, Dravid"]
[Black "Palucha, Szymon"]
[Result "1-0"]
[WhiteElo "2224"]
[BlackElo "1932"]
[PlyCount "69"]
[EventDate "2016.08.08"]

1. e4 c5 2. Nc3 Nc6 3. g3 g6 4. Bg2 Bg7 5. d3 d6 6. Be3 e6 7. Qd2 Nd4 8. Nd1 e5
9. c3 Nc6 10. Ne2 Rb8 11. O-O Nce7 12. f4 b6 13. Nf2 Nf6 14. h3 O-O 15. g4 exf4
16. Bxf4 Be6 17. Ng3 Rc8 18. d4 Ne8 19. d5 Bd7 20. Nd1 b5 21. Bh6 f6 22. Bxg7
Nxg7 23. Qh6 Kh8 24. Qf4 Qc7 25. h4 f5 26. exf5 gxf5 27. h5 fxg4 28. Qxf8+ Rxf8
29. Rxf8+ Ng8 30. h6 Ne8 31. Ne3 Qd8 32. Nef5 Bxf5 33. Nxf5 Qg5 34. Re1 Nef6
35. Nxd6 1-0

[Event "World Junior Open 2016"]
[Site "Bhubaneswar IND"]
[Date "2016.08.13"]
[Round "6.36"]
[White "Lokander, Martin"]
[Black "Dassanayake, D M G S."]
[Result "1-0"]
[WhiteElo "2365"]
[BlackElo "1859"]
[PlyCount "87"]
[EventDate "2016.08.08"]

1. e4 c6 2. d4 d5 3. e5 Bf5 4. h4 h5 5. Bd3 Bxd3 6. Qxd3 e6 7. Bg5 Qa5+ 8. Nd2
c5 9. dxc5 Bxc5 10. Ngf3 Nc6 11. O-O Nge7 12. a3 Qc7 13. b4 Bb6 14. c4 a6 15.
Bxe7 Nxe7 16. cxd5 Nxd5 17. Ne4 O-O 18. Neg5 g6 19. Rac1 Qe7 20. Qe4 Kg7 21.
Nd2 Rad8 22. Nc4 Bc7 23. g3 Rd7 24. Qe2 b5 25. Nd2 a5 26. Rc5 axb4 27. axb4 Bb6
28. Rc6 Bc7 29. Nde4 Nxb4 30. Rc5 Nd3 31. Rxc7 Rxc7 32. Qxd3 b4 33. Nd6 f6 34.
exf6+ Rxf6 35. Nde4 Rf5 36. Qd4+ e5 37. Qb6 Kh6 38. Ne6 Rb7 39. Qe3+ Kh7 40.
N4g5+ Kg8 41. Ra1 Rxg5 42. Ra8+ Kf7 43. Nxg5+ Kg7 44. Qb3 1-0

[Event "World Junior Open 2016"]
[Site "Bhubaneswar IND"]
[Date "2016.08.14"]
[Round "7.13"]
[White "Erigaisi, Arjun"]
[Black "Lorparizangeneh, Shahin"]
[Result "1/2-1/2"]
[WhiteElo "2337"]
[BlackElo "2478"]
[PlyCount "119"]
[EventDate "2016.08.08"]

1. d4 Nf6 2. c4 e6 3. Nc3 Bb4 4. e3 O-O 5. Nge2 d5 6. a3 Bd6 7. Ng3 c6 8. Bd3
e5 9. dxe5 Bxe5 10. cxd5 cxd5 11. O-O Nc6 12. f4 Bc7 13. Nh5 Nxh5 14. Qxh5 g6
15. Qf3 Ne7 16. Rd1 Be6 17. b4 Qc8 18. Ne2 Bg4 19. Qf2 Bb6 20. Bb2 Qe6 21. Bd4
Nc6 22. Bxb6 axb6 23. h3 Bxe2 24. Bxe2 Rfe8 25. Bf3 Qxe3 26. Bxd5 b5 27. Bxc6
bxc6 28. Re1 Qc3 29. Rec1 Qf6 30. Qf3 Qd4+ 31. Kh1 Re6 32. Ra2 Rae8 33. Kh2 Re1
34. Rxe1 Rxe1 35. Qf2 Re4 36. Qxd4 Rxd4 37. f5 gxf5 38. Kg3 Rc4 39. a4 Rxb4 40.
a5 Rd4 41. a6 Rd8 42. Rc2 Rc8 43. a7 Ra8 44. Rxc6 Rxa7 45. Rb6 Ra3+ 46. Kf4 Rb3
47. Kxf5 Kg7 48. Rb7 Rb1 49. Kg5 b4 50. g4 b3 51. h4 b2 52. Kh5 Kf8 53. Rb8+
Ke7 54. Rb7+ Ke6 55. Rb6+ Ke5 56. Rb5+ Kd4 57. Rb8 Kc3 58. Rc8+ Kb3 59. Rb8+
Kc3 60. Rc8+ 1/2-1/2

[Event "World Junior Open 2016"]
[Site "Bhubaneswar IND"]
[Date "2016.08.15"]
[Round "8.12"]
[White "Gheorghiu, Calin"]
[Black "Lorparizangeneh, Shahin"]
[Result "0-1"]
[WhiteElo "2343"]
[BlackElo "2478"]
[PlyCount "64"]
[EventDate "2016.08.08"]

1. d4 Nf6 2. c4 e6 3. Nc3 Bb4 4. f3 c5 5. d5 O-O 6. e4 d6 7. Nge2 a6 8. Ng3 b5
9. Bd2 Nbd7 10. dxe6 fxe6 11. cxb5 d5 12. Be2 c4 13. exd5 exd5 14. O-O axb5 15.
Kh1 Qb6 16. a4 Nc5 17. Be3 Bxc3 18. bxc3 bxa4 19. Nh5 Qc6 20. Nxf6+ Rxf6 21.
Bxc5 Qxc5 22. Rxa4 Rxa4 23. Qxa4 Qe3 24. Bd1 Rf8 25. Qc6 Be6 26. Qa6 Bf7 27.
Qa5 Qd2 28. Qa1 Re8 29. Ba4 Ra8 30. f4 Qe3 31. f5 Qa7 32. Rb1 Be8 0-1

[Event "World Junior Open 2016"]
[Site "Bhubaneswar IND"]
[Date "2016.08.15"]
[Round "8.13"]
[White "Tran, Tuan Minh"]
[Black "Grandadam, Patrik"]
[Result "1/2-1/2"]
[WhiteElo "2473"]
[BlackElo "2325"]
[PlyCount "99"]
[EventDate "2016.08.08"]

1. Nf3 d5 2. c4 e6 3. g3 dxc4 4. Qa4+ Nd7 5. Bg2 Ngf6 6. O-O c5 7. Qxc4 b6 8.
b3 Bb7 9. Bb2 Rc8 10. Qc2 Be7 11. Nc3 O-O 12. Rac1 Qc7 13. Rfd1 Rfd8 14. Qb1
Qb8 15. Qa1 Qa8 16. Nb1 Nb8 17. d3 Nc6 18. Nbd2 Ne8 19. Ne4 Nb4 20. a3 Nc6 21.
Re1 Na5 22. Ned2 Nc6 23. Bc3 Bf6 24. Qb2 Bxc3 25. Rxc3 a5 26. Nc4 Qa7 27. Rec1
Nc7 28. Nce5 Nxe5 29. Nxe5 Bxg2 30. Kxg2 Qb7+ 31. Kg1 f6 32. Ng4 Nd5 33. Rc4 e5
34. Ne3 Nxe3 35. fxe3 Qd7 36. Qc2 Ra8 37. Qd1 h6 38. Qf1 Ra7 39. Qf3 Qd5 40.
Qh5 Qf7 41. Qh4 Re8 42. Qe4 f5 43. Qc6 Re6 44. Qb5 Qh5 45. R4c2 Qg5 46. b4
Qxe3+ 47. Kg2 Rf7 48. Qc4 Ref6 49. bxc5 f4 50. Qe4 1/2-1/2

[Event "World Junior Open 2016"]
[Site "Bhubaneswar IND"]
[Date "2016.08.17"]
[Round "9.15"]
[White "Erigaisi, Arjun"]
[Black "Visakh, N R."]
[Result "0-1"]
[WhiteElo "2337"]
[BlackElo "2431"]
[PlyCount "84"]
[EventDate "2016.08.08"]

1. d4 d5 2. c4 e6 3. Nc3 Bb4 4. cxd5 exd5 5. Bf4 Nf6 6. e3 O-O 7. Bd3 Nbd7 8.
h3 c5 9. Nge2 c4 10. Bc2 b5 11. a4 bxa4 12. Bxa4 Bb7 13. O-O Nb6 14. Bc2 a5 15.
Bg5 Be7 16. Na4 Nfd7 17. Bxe7 Qxe7 18. Nec3 Nxa4 19. Rxa4 Bc6 20. Ra2 Nf6 21.
Qe2 Rfe8 22. Rfa1 Qd8 23. Qf3 Re7 24. Ba4 Bxa4 25. Rxa4 Re6 26. R1a2 g6 27. g3
Kg7 28. R2a3 Ra7 29. b3 cxb3 30. Rxb3 Rc7 31. Kg2 Qc8 32. Raa3 Ne4 33. Nxd5 Rc2
34. Nf4 Re8 35. Nd3 Nd2 36. Qf4 Qc6+ 37. Kg1 Re4 38. Qb8 Rc1+ 39. Nxc1 Qxc1+
40. Kh2 Qf1 41. g4 Qxf2+ 42. Kh1 Nf1 0-1

[Event "World Junior Open 2016"]
[Site "Bhubaneswar IND"]
[Date "2016.08.18"]
[Round "10.39"]
[White "Skettos, Nicolas"]
[Black "Seppala, Joni"]
[Result "1/2-1/2"]
[WhiteElo "1561"]
[BlackElo "1765"]
[PlyCount "109"]
[EventDate "2016.08.08"]

1. e4 c5 2. Nf3 d6 3. Bb5+ Nd7 4. O-O Ngf6 5. Re1 g6 6. c3 Bg7 7. d4 cxd4 8.
cxd4 O-O 9. Nc3 a6 10. Bf1 b5 11. e5 Ne8 12. e6 fxe6 13. Ng5 Nc7 14. Qb3 Nb6
15. Be3 Bd7 16. g3 h6 17. Nh3 Qe8 18. Bg2 Rb8 19. Nf4 g5 20. Nd3 Bc6 21. Bh3
Qf7 22. Bg2 Bxg2 23. Kxg2 Nc4 24. Qd1 Nd5 25. Qe2 Qg6 26. Nxd5 Qe4+ 27. Kg1
Qxd5 28. Nb4 Qb7 29. b3 Nxe3 30. Qxe3 e5 31. d5 Qb6 32. Nc6 Qxe3 33. fxe3 Rb7
34. e4 Rc7 35. Kg2 e6 36. Rac1 exd5 37. exd5 Rcf7 38. Rf1 Rxf1 39. Rxf1 Rxf1
40. Kxf1 Kf7 41. g4 e4 42. a4 bxa4 43. bxa4 h5 44. h3 hxg4 45. hxg4 Be5 46. Ke2
Bf4 47. Nb8 Ke7 48. Nxa6 Kd7 49. Nb4 Kc7 50. Nc6 Kb6 51. Nd4 Ka5 52. Ne6 Bc1
53. Kd1 Be3 54. Ke2 Bc1 55. Kd1 1/2-1/2